[Event "Mittelfranken-chTB2b 1819"]
[Site "Mittelfranken"]
[Date "2019.04.28"]
[Round "9.8"]
[White "Borel, Florian"]
[Black "Duong, Quang Bach"]
[Result "1/2-1/2"]
[WhiteElo "1455"]
[BlackElo "1646"]
[PlyCount "44"]
[EventDate "2018.10.14"]
[EventType "team-tourn"]
[EventRounds "9"]
[EventCountry "GER"]
[SourceTitle "EXT 2022"]
[Source "ChessBase"]
[SourceDate "2021.10.06"]
[SourceVersion "1"]
[SourceVersionDate "2021.10.06"]
[SourceQuality "1"]
[WhiteTeam "Grossenseebach"]
[BlackTeam "Nuernberg SK 1911 II"]
[WhiteTeamCountry "GER"]
[BlackTeamCountry "GER"]

1. e4 e6 2. d4 d5 3. exd5 exd5 4. Nf3 Bd6 5. Bd3 Nf6 6. Bg5 0-0 7. 0-0 Bg4 8. Re1 Nbd7 9. Nbd2 c6 10. c3 Qc7 11. Qc2 Bh5 12. Bf5 Rae8 13. g3 h6 14. Bxf6 Nxf6 15. Nh4 Bg4 16. Bxg4 Nxg4 17. Qf5 Nf6 18. f4 Qb6 19. Nb3 a5 20. Qc2 Ne4 21. Nd2 Nxd2 22. Qxd2 Be7 1/2-1/2

[Event "Mittelfranken-chTB2b 1819"]
[Site "Mittelfranken"]
[Date "2018.12.02"]
[Round "3.8"]
[White "Arlt, Birgit"]
[Black "Borel, Florian"]
[Result "1-0"]
[WhiteElo "1620"]
[BlackElo "1455"]
[PlyCount "71"]
[EventDate "2018.10.14"]
[EventType "team-tourn"]
[EventRounds "9"]
[EventCountry "GER"]
[SourceTitle "EXT 2022"]
[Source "ChessBase"]
[SourceDate "2021.10.06"]
[SourceVersion "1"]
[SourceVersionDate "2021.10.06"]
[SourceQuality "1"]
[WhiteTeam "Schwanstetten"]
[BlackTeam "Grossenseebach"]
[WhiteTeamCountry "GER"]
[BlackTeamCountry "GER"]

1. e4 e5 2. Nf3 Nc6 3. Bb5 g6 4. 0-0 Bg7 5. c3 a6 6. Ba4 b5 7. Bc2 d6 8. h3 Bb7 9. Re1 Nf6 10. d4 Nd7 11. Bg5 f6 12. Be3 Ne7 13. Nbd2 0-0 14. dxe5 fxe5 15. Ng5 Rf6 16. Bb3+ d5 17. exd5 Bxd5 18. Nde4 c6 19. Nxf6+ Bxf6 20. Ne6 Qc8 21. Nc5 Kg7 22. Nxd7 Qxd7 23. c4 bxc4 24. Bxc4 Qb7 25. Qc2 Nf5 26. Bd3 Nh4 27. Be4 Qb4 28. Bc5 Qb5 29. b4 a5 30. a4 Qb7 31. Rab1 Bxe4 32. Qxe4 Qd7 33. Red1 Qc7 34. b5 Nf5 35. Qxc6 Qb8 36. Rd7+ 1-0

[Event "Seebach op 23rd"]
[Site "Grossenseebach"]
[Date "2012.06.09"]
[Round "5"]
[White "Borel, Florian"]
[Black "Lais, Thomas"]
[Result "0-1"]
[WhiteElo "1135"]
[BlackElo "1926"]
[PlyCount "56"]
[EventDate "2012.06.07"]
[EventType "swiss"]
[EventRounds "7"]
[EventCountry "GER"]
[SourceTitle "EXT 2013"]
[Source "ChessBase"]
[SourceDate "2012.11.22"]
[SourceVersion "1"]
[SourceVersionDate "2012.11.22"]
[SourceQuality "1"]

1. e4 c5 2. c3 Nf6 3. f3 g6 4. d4 cxd4 5. cxd4 Bg7 6. Bd3 0-0 7. Ne2 d6 8. Nbc3 Nc6 9. Bb5 Bd7 10. d5 Ne5 11. Bxd7 Nfxd7 12. 0-0 Qb6+ 13. Kh1 Rac8 14. Na4 Qa6 15. Bf4 Nd3 16. Bc1 N7e5 17. Nec3 Nxc1 18. Rxc1 Nc4 19. Qb3 Nd2 20. Qb5 Qxb5 21. Nxb5 Nxf1 22. Rxf1 a6 23. Na3 b5 24. Nb6 Rc7 25. b3 Rb8 26. Nbc4 bxc4 27. Nxc4 a5 28. Ne3 Bd4 0-1

[Event "Seebach op 23rd"]
[Site "Grossenseebach"]
[Date "2012.06.08"]
[Round "3"]
[White "Borel, Florian"]
[Black "Zimpel, Peter"]
[Result "0-1"]
[WhiteElo "1135"]
[BlackElo "1741"]
[PlyCount "60"]
[EventDate "2012.06.07"]
[EventType "swiss"]
[EventRounds "7"]
[EventCountry "GER"]
[SourceTitle "EXT 2013"]
[Source "ChessBase"]
[SourceDate "2012.11.22"]
[SourceVersion "1"]
[SourceVersionDate "2012.11.22"]
[SourceQuality "1"]

1. e4 c5 2. c3 d5 3. exd5 Qxd5 4. d4 Nc6 5. Nf3 Bg4 6. Be2 cxd4 7. cxd4 Nf6 8. Nc3 Qa5 9. Bb5 0-0-0 10. Bxc6 bxc6 11. 0-0 e5 12. Qd3 exd4 13. Qc4 Bxf3 14. gxf3 dxc3 15. Bf4 Qb5 16. Qxc3 Nd5 17. Qe5 Nxf4 18. Qxf4 Bd6 19. Qg4+ f5 20. Qh5 g5 21. Qh3 g4 22. fxg4 fxg4 23. Qxg4+ Kb8 24. Qh3 Qd5 25. f3 Rhf8 26. a4 Rf5 27. Rf2 Rg8+ 28. Kh1 Rh5 29. Qf1 Qxf3+ 30. Rg2 Rxh2+ 0-1